Syntaktische Studien über die Cent nouvelles nouvelles. (Record no. 24052)

MARC details
000 -LEADER
fixed length control field 00681cam a22002411 4500
001 - CONTROL NUMBER
control field g 01002771
003 - CONTROL NUMBER IDENTIFIER
control field DLC
005 - DATE AND TIME OF LATEST TRANSACTION
control field 20260227111258.0
008 - FIXED-LENGTH DATA ELEMENTS--GENERAL INFORMATION
fixed length control field 940630s1888 sz 000 0 ger
010 ## - LIBRARY OF CONGRESS CONTROL NUMBER
LC control number g 01002771
035 ## - SYSTEM CONTROL NUMBER
System control number (OCoLC)30690308
040 ## - CATALOGING SOURCE
Original cataloging agency DLC
Transcribing agency MeB
Modifying agency DLC
042 ## - AUTHENTICATION CODE
Authentication code premarc
050 00 - LIBRARY OF CONGRESS CALL NUMBER
Classification number PQ1553.C3
Item number S4
100 1# - MAIN ENTRY--PERSONAL NAME
Personal name Schmidt, J. Ulrich,
Dates associated with a name 1860-
245 10 - TITLE STATEMENT
Title Syntaktische Studien über die Cent nouvelles nouvelles.
260 ## - PUBLICATION, DISTRIBUTION, ETC.
Place of publication, distribution, etc. Frauenfeld :
Name of publisher, distributor, etc. J. Huber,
Date of publication, distribution, etc. 1888.
300 ## - PHYSICAL DESCRIPTION
Extent 68 p. ;
Dimensions 23 cm.
502 ## - DISSERTATION NOTE
Dissertation note Inaug.-diss.--Zürich.
500 ## - GENERAL NOTE
General note Curriculum vitae.
630 00 - SUBJECT ADDED ENTRY--UNIFORM TITLE
Uniform title Cent nouvelles nouvelles
650 #0 - SUBJECT ADDED ENTRY--TOPICAL TERM
Topical term or geographic name entry element French language
Chronological subdivision To 1300
General subdivision Syntax

No items available.

Powered by Koha